BIBLIOTHÈQUE DE LA MAISON DU MEXIQUE

Logo 1 Logo 2

The visitors = Los visitantes (notice nᵒ 5707)

détails MARC
000 -Sello discográfico
campo de control de longitud fija 01007nam0a2200277 4500
005 - Identificación de versión
campo de control 20251016084512.0
035 ## - Otros números de control del sistema
Número de control del sistema 4481
099 ## - fechas locales
Tipo de ítem Koha LIBRO
100 ## - Datos de procesamiento general
Datos de procesamiento general 20120619d1999 m y0spay5003 ba
101 1# - Idioma del recurso
Idioma del texto, banda sonora, etc. Inglés
-- Español; Castellano
105 ## - Campo de datos codificados: Material textual, monográfico
Datos codificados de monografía y 001by
200 1# - Título y mención de responsabilidad
Título propio The visitors = Los visitantes
Designación general del material texto impreso
Otra información del título ópera en tres actos
Primer mención de responsabilidad Música Carlos Chávez
Declaración de responsabilidad subsiguiente libreto Chester Kallman
-- traducción Aurelio Asiain
210 ## - Publicación, distribución, etc.
Lugar de publicación, distribución, etc. México
Nombre del editor, distribuidor, etc. Consejo Nacional para la Cultura y las Artes, Festival Internacional Cervantino
Fecha de publicación, distribución, etc. 1999
215 ## - Descripción física
Designación de material específico y extensión del ítem 67 p. dob
Dimensiones 22 cm
320 ## - Nota de índices/bibliografías internas
Texto de la nota Incluye fe de erratas. Textos en español y en inglés
345 ## - Nota de información de adquisición
Fuente de adquisición/dirección de la suscripción [OBSOLETO] Donación
606 ## - Término temático usado como materia
Elemento de entrada Operas
Subdivisión temática Libretos
Número Koha 10923
702 ## - Nombre personal - Responsabilidad secundaria
Elemento de entrada Asiain
Parte del nombre distinta del elemento de entrada Aurelio
Fechas 1960-
Número Koha 10924
702 ## - Nombre personal - Responsabilidad secundaria
Elemento de entrada Chávez y Ramírez
Parte del nombre distinta del elemento de entrada Carlos Antonio de Padua
Fechas 1899-1978
Número Koha 6120
702 ## - Nombre personal - Responsabilidad secundaria
Elemento de entrada Kallman
Parte del nombre distinta del elemento de entrada Chester
Fechas 1921-1975
Número Koha 10925
801 #0 - Fuente de origen
País FR
Agencia cm
Reglas de catalogación (convenciones descriptivas) AFNOR
900 ## -
-- 1/21185
942 ## - ELEMENTOS DE ENTRADA SECUNDARIOS (KOHA)
Tipo de ítem Koha Livre
996 ## -
-- MEX
-- 751145101
-- MMAG
-- 002788
-- 782.10 K14TH
-- 20120619LIV
Exemplaires
Estatus retirado Estado de daño Estado de pérdida Fecha de adquisición Biblioteca de origen Biblioteca actual Ubicación en estantería Código de barras Precio de reemplazo Signatura topográfica completa No para préstamo Tipo de ítem Koha Nota pública Nota no pública
      05/08/2025 Casa México Paris Casa México Paris   002788 05/08/2025 782.10 K14TH   Livre 20120619LIV 751145101